Los santuarios : aspectos de la religiosidad popular en Jalisco /

Colección orientada a rescatar y difundir la cultura popular jalisciense en sus diversas manifestaciones (música, danza, literatura, etc.), dando cuenta así de expresiones vinculadas a la identidad cultural del estado.

Gespeichert in:
Bibliographische Detailangaben
1. Verfasser: Nájera Espinoza, Mario Alberto (autor)
Weitere Verfasser: Ramírez Acuña, Francisco Javier (presentación) (presentación)
Format: Buch
Sprache:Spanisch
Veröffentlicht: Guadalajara, México : Gobierno del Estado de Jalisco, Secretaría de Cultura, 2006, c2006
Schriftenreihe:(Las Culturas Populares de Jalisco ; 15)
Schlagworte:
Tags: Tag hinzufügen
Keine Tags, Fügen Sie das erste Tag hinzu!

MARC

LEADER 00000nam^a2200000^a^4500
001 000280104
005 20250521000000.0
009 20260310111454.603
020 |a 970-624-503-0 
025 |a Donación Alma Dorantes González, 1 ejemplar 
037 |a Acervo ITESO - Biblioteca 
041 |a ESP 
082 |a 306. 4097235  |b CUL V. 15 
100 |a Nájera Espinoza, Mario Alberto  |e (autor) 
245 1 4 |a Los santuarios :  |b aspectos de la religiosidad popular en Jalisco /  |c M.A. Nájera Espinoza ; presen. de F.J. Ramírez Acuña. 
264 4 |a Guadalajara, México :  |b Gobierno del Estado de Jalisco, Secretaría de Cultura,  |c 2006, c2006 
300 |a 152 p. 
336 |a texto  |b txt  |2 rdacontenido 
337 |a sin mediación  |b n  |2 rdamedio 
338 |a volumen  |b nc  |2 rdasoporte 
440 4 |a (Las Culturas Populares de Jalisco ;  |v 15) 
520 |a Colección orientada a rescatar y difundir la cultura popular jalisciense en sus diversas manifestaciones (música, danza, literatura, etc.), dando cuenta así de expresiones vinculadas a la identidad cultural del estado. 
520 |a Investigación que pone de manifiesto que la devoción y religiosidad de los cristianos de Jalisco se centra en el culto mariano (Talpa, Zapopan, San Juan de los Lagos, etc.) y en el que se rinden a las diversas advocaciones de Cristo. El autor por igual describe el fenómeno hoy día, que indaga en el origen de los diversos ritos y fiestas. 
649 |a XX 
650 |a Virgen de Guadalupe -  |z Jalisco -  |x Culto 
650 |a Virgen de San Juan de los Lagos -  |z Jalisco -  |x Culto 
650 |a Virgen de Talpa -  |z Jalisco -  |x Culto 
650 |a Virgen de Zapopan -  |z Jalisco -  |x Culto 
650 |a Virgen de la Candelaria -  |z Jalisco -  |x Culto 
650 |a Virgen María -  |z Jalisco -  |x Culto -  |x Tema Principal 
650 |a Virgen María -  |z México -  |x Culto 
650 |a Señor de los Rayos -  |z Jalisco -  |x Culto 
650 |a Jesucristo -  |z Jalisco -  |x Culto 
650 |a Jesucristo -  |z México -  |x Culto 
650 |a Evangelización -  |z Jalisco -  |x Historia 
650 |a Evangelización -  |z México -  |x Historia 
650 |a Ritos Religiosos -  |z Jalisco -  |x Tema Principal 
650 |a Ritos Religiosos -  |z México 
650 |a Fiestas Religiosas -  |z Jalisco -  |x Tema Principal 
650 |a Fiestas Religiosas -  |z México 
650 |a Prácticas Culturales -  |z Jalisco 
650 |a Prácticas Culturales -  |z México 
650 |a Cristianismo -  |z Jalisco 
650 |a Cristianismo -  |z México 
650 |a Religión -  |z Jalisco 
650 |a Religión -  |z México 
650 |a Música Sacra -  |z Jalisco -  |x Historia y Crítica 
650 |a Música Sacra -  |z México -  |x Historia y Crítica 
650 |a Música Popular -  |z Jalisco -  |x Historia y Crítica 
650 |a Música Popular -  |z México -  |x Historia y Crítica 
650 |a Cultura Popular -  |z Jalisco 
650 |a Cultura Popular -  |z México 
650 |a Prácticas Culturales -  |z Jalisco 
650 |a Prácticas Culturales -  |z México 
650 |a Identidad Cultural -  |z Jalisco 
650 |a Identidad Cultural -  |z México 
650 |a Antropología Cultural 
650 |a Sociología de la Religión 
650 |a Sociología de la Cultura 
650 |a Jalisco -  |x Condiciones Sociales y Culturales 
650 |a México -  |x Condiciones Sociales y Culturales 
700 |a Ramírez Acuña, Francisco Javier  |e (presentación) 
910 |a Fondo General 
920 |a Impresos - Libros 
930 |a Colección General 
905 |a 101 
901 |a 0500166642  |b IT1  |c ACC  |i D  |u 20250521 
901 |a 0500178356  |b IT1  |c ACC  |i D  |u 20250521 
902 |a https://opac.biblio.iteso.mx/vufind/Record/000280104